000 00292nam a22001337a 4500
008 170502b xxu||||| |||| 00| 0 eng d
020 _a9780674004856
041 _aeng
080 _a34
100 _a13
101 _aSHJ
245 _aFRONTIERS LEGAL THEORY
_cRICHARD.A
942 _2udc
_cBK
999 _c12400
_d12400